[Event "4NCL/Div4/OXF2 vs. SCS1"]
[Site "Sunningdale ENG"]
[Date "2007.02.11"]
[Round "6.6"]
[White "Scarry, Herbert"]
[Black "Bruce, Dave"]
[Result "1-0"]
[WhiteElo "1812"]
[BlackElo "2025"]
[PlyCount "55"]
[EventDate "2007.02.11"]
[EventType "team"]
[EventRounds "11"]
[EventCountry "ENG"]

1. c4 Nf6 2. g3 g6 3. Bg2 Bg7 4. Nc3 d6 5. e4 Nc6 6. Nge2 O-O 7. O-O e5 8. f4
exf4 9. gxf4 Bg4 10. d4 Nd7 11. Be3 Nb6 12. b3 Qe7 13. Qd2 f5 14. e5 dxe5 15.
fxe5 Rad8 16. Nd5 Nxd5 17. cxd5 Bxe2 18. Qxe2 Nxe5 19. dxe5 Bxe5 20. Rae1 Qh4
21. Bf3 Rfe8 22. Qf2 Qf6 23. Rd1 Bd6 24. Bd4 Qg5+ 25. Kh1 b6 26. Rfe1 Bb4 27.
Re6 Kf7 28. Bf6 1-0

[Event "4NCL/Div4/NOTT2 vs. HAL"]
[Site "Sunningdale ENG"]
[Date "2007.02.11"]
[Round "6.1"]
[White "Wright, Antony J"]
[Black "Walker, Nicholas A"]
[Result "1/2-1/2"]
[WhiteElo "2020"]
[BlackElo "2115"]
[PlyCount "105"]
[EventDate "2007.02.11"]
[EventType "team"]
[EventRounds "11"]
[EventCountry "ENG"]

1. d4 d5 2. Nf3 Nf6 3. Bf4 e6 4. Nbd2 c5 5. e3 Nc6 6. c3 Be7 7. Bd3 Nh5 8. Bg3
Nxg3 9. hxg3 f5 10. Nh4 Bxh4 11. Qh5+ g6 12. Qxh4 Qxh4 13. gxh4 cxd4 14. exd4
Ke7 15. f4 a5 16. Nf3 h5 17. Kd2 b6 18. Rhe1 Ba6 19. Ng5 Nd8 20. Bc2 Kd6 21.
Re3 Re8 22. Rae1 Re7 23. Bd1 Raa7 24. Rg3 Rg7 25. Ree3 Bc8 26. Ba4 Bd7 27. Bd1
Be8 28. Nf3 Nf7 29. Ne5 Nxe5 30. Rxe5 Rge7 31. Be2 b5 32. a3 Rab7 33. Rge3 Bf7
34. b3 Rec7 35. Bf1 Re7 36. Re1 Rec7 37. R5e3 Rb6 38. Kc2 Rcb7 39. Rb1 Kd7 40.
Ree1 Rc7 41. Kd2 Ke7 42. Rec1 Be8 43. Be2 Bd7 44. Bd1 Kd8 45. Bc2 Rcb7 46. Bd3
Ke7 47. c4 bxc4 48. bxc4 dxc4 49. Rxb6 Rxb6 50. Bxc4 Bc6 51. g3 Be4 52. Kc3 Kd6
53. Bb3 1/2-1/2

[Event "4NCL/Div4/NOTT2 vs. HAL"]
[Site "Sunningdale ENG"]
[Date "2007.02.11"]
[Round "6.2"]
[White "Palmer, Ryan"]
[Black "Kingston, Ian"]
[Result "1/2-1/2"]
[WhiteElo "2010"]
[BlackElo "1965"]
[PlyCount "112"]
[EventDate "2007.02.11"]
[EventType "team"]
[EventRounds "11"]
[EventCountry "ENG"]

1. e4 e5 2. f4 exf4 3. Nf3 Be7 4. Bc4 Bh4+ 5. Kf1 d5 6. Bxd5 Nf6 7. Bxf7+ Kxf7
8. Nxh4 Rf8 9. d3 Kg8 10. Qe1 Nc6 11. Nf3 Nd4 12. Qf2 Nxf3 13. gxf3 Bh3+ 14.
Ke1 Qd6 15. Rg1 Qb4+ 16. Nc3 Rae8 17. Qh4 Qd4 18. Ne2 Qd7 19. Nxf4 Bf5 20. Ne2
Bg6 21. Bd2 c5 22. b3 b5 23. Bc3 c4 24. Nf4 b4 25. Nxg6 hxg6 26. Bxf6 Rxf6 27.
bxc4 Rxf3 28. Rf1 Rxf1+ 29. Kxf1 Rf8+ 30. Ke2 Qf7 31. Qg3 Qf6 32. Rd1 Qb2 33.
Rd2 a5 34. Qxg6 Qb1 35. Qe6+ Rf7 36. Qc8+ Rf8 37. Qh3 Qg1 38. Qg3 Qf1+ 39. Ke3
Qc1 40. Qg2 Rf1 41. Kd4 Qb2+ 42. Kd5 Rf8 43. Qg5 Qxa2 44. Rg2 Rf7 45. e5 Qa4
46. e6 Ra7 47. Qd8+ Kh7 48. e7 Rd7+ 49. Kc5 b3 50. Rxg7+ Kxg7 51. Qf8+ Kh7 52.
Qf7+ Kh6 53. Qf4+ Kh7 54. Qe4+ Kg7 55. Qe5+ Kh7 56. Qf5+ Kh6 1/2-1/2

[Event "4NCL/Div4/NOTT2 vs. HAL"]
[Site "Sunningdale ENG"]
[Date "2007.02.11"]
[Round "6.3"]
[White "Thompson, Brian"]
[Black "Doran, Michael J"]
[Result "0-1"]
[WhiteElo "2000"]
[BlackElo "2005"]
[PlyCount "82"]
[EventDate "2007.02.11"]
[EventType "team"]
[EventRounds "11"]
[EventCountry "ENG"]

1. d4 Nf6 2. Nf3 e6 3. e3 b6 4. Bd3 c5 5. O-O Be7 6. c4 Bb7 7. Nc3 Nc6 8. d5
exd5 9. cxd5 Nb4 10. Bc4 b5 11. Nxb5 Nbxd5 12. e4 Nb6 13. e5 Ne4 14. Nd6+ Bxd6
15. Bxf7+ Kxf7 16. exd6 Qf6 17. Re1 Rhe8 18. Qc2 Kg8 19. Be3 Rac8 20. Rad1 h6
21. Qb3+ Kh8 22. Qa3 Nxd6 23. Bxc5 Rxe1+ 24. Nxe1 Nbc4 25. Qxa7 Ra8 26. Rxd6
Nxd6 27. Qb6 Qe6 28. Nc2 Qe4 29. Ne3 Qb1+ 30. Nf1 Ba6 31. h3 Qxf1+ 32. Kh2 Bb7
33. f3 Qb5 34. Qxd6 Qc6 35. Qe5 Qd5 36. Qe3 Rc8 37. Bd4 Qe6 38. Qf4 Kg8 39. a4
Rf8 40. Qd2 Qd6+ 41. Kg1 Rf4 0-1

[Event "4NCL/Div4/NOTT2 vs. HAL"]
[Site "Sunningdale ENG"]
[Date "2007.02.11"]
[Round "6.4"]
[White "Pugh, Glyn D"]
[Black "Hill, Maurice J"]
[Result "0-1"]
[WhiteElo "2000"]
[BlackElo "1910"]
[PlyCount "80"]
[EventDate "2007.02.11"]
[EventType "team"]
[EventRounds "11"]
[EventCountry "ENG"]

1. e4 c5 2. Nf3 a6 3. c3 d6 4. d4 Nd7 5. Be3 Qc7 6. Be2 Ngf6 7. Nbd2 g6 8. O-O
Bg7 9. Ne1 O-O 10. f4 e6 11. Bf3 Rb8 12. g4 b5 13. f5 exf5 14. exf5 Re8 15. Ng2
Nb6 16. dxc5 Nbd5 17. cxd6 Qxd6 18. Bf2 g5 19. Qc2 Bb7 20. Rae1 Red8 21. Nb3
Rbc8 22. a3 Nb4 23. Qd1 Qc7 24. Nd4 Bxf3 25. Qxf3 Nbd5 26. Bg3 Qc5 27. h3 a5
28. Bf2 Qc4 29. Rc1 Qa4 30. Qe2 b4 31. axb4 axb4 32. c4 Nf4 33. Nxf4 gxf4 34.
b3 Qa8 35. g5 Ne4 36. f6 Bf8 37. Nf5 Rd2 38. Qh5 Ng3 39. Nh6+ Bxh6 40. Qxh6
Qh1# 0-1

[Event "4NCL/Div4/NOTT2 vs. HAL"]
[Site "Sunningdale ENG"]
[Date "2007.02.11"]
[Round "6.5"]
[White "Graham, Neil"]
[Black "Lee, Darren"]
[Result "0-1"]
[WhiteElo "1915"]
[BlackElo "1955"]
[PlyCount "70"]
[EventDate "2007.02.11"]
[EventType "team"]
[EventRounds "11"]
[EventCountry "ENG"]

1. d4 Nf6 2. f3 c5 3. d5 d6 4. Bg5 Qb6 5. Nc3 Qxb2 6. Bd2 Qb6 7. e4 e6 8. Rb1
Qd8 9. Bb5+ Nbd7 10. dxe6 fxe6 11. Bf4 a6 12. Bxd7+ Qxd7 13. Rb6 Qd8 14. Rb2
Be7 15. Nge2 O-O 16. O-O b5 17. Ng3 Ne8 18. Be3 Bf6 19. Qd2 b4 20. Nd1 Bxb2 21.
Nxb2 Bb7 22. Rd1 Qc7 23. Nc4 d5 24. exd5 exd5 25. Nb2 d4 26. Bf2 Nf6 27. Nc4
Nd5 28. Ne4 a5 29. Bg3 Nf4 30. Ncd6 Bxe4 31. Nxe4 c4 32. Re1 d3 33. cxd3 c3 34.
Qe3 Qa7 35. Nc5 Rae8 0-1

[Event "4NCL/Div4/NOTT2 vs. HAL"]
[Site "Sunningdale ENG"]
[Date "2007.02.11"]
[Round "6.6"]
[White "Banks, Peter"]
[Black "Lakhani, Anjali"]
[Result "1/2-1/2"]
[WhiteElo "1715"]
[BlackElo "1830"]
[PlyCount "134"]
[EventDate "2007.02.11"]
[EventType "team"]
[EventRounds "11"]
[EventCountry "ENG"]

1. e4 c5 2. Nf3 d6 3. d4 cxd4 4. Nxd4 Nf6 5. Nc3 g6 6. Bd3 Bg7 7. Nf3 Nc6 8.
Be3 Be6 9. Qe2 a6 10. O-O O-O 11. Rad1 Qc7 12. Bc4 Ng4 13. Bxe6 Nxe3 14. Bxf7+
Rxf7 15. Qxe3 e6 16. a3 Ne5 17. Nxe5 Bxe5 18. g3 Rc8 19. Rd3 b5 20. Re1 Qb8 21.
Re2 b4 22. Nd1 a5 23. Rb3 Rfc7 24. c3 Qb5 25. axb4 Qa4 26. c4 axb4 27. f4 Bd4
28. Qxd4 Qxb3 29. Qxd6 Qxc4 30. Re3 Rc6 31. Qd2 Qc2 32. Rd3 Qxd2 33. Rxd2 Rc1
34. Kf2 R8c2 35. Ke3 Rxd2 36. Kxd2 Ra1 37. Nf2 Rg1 38. Ke3 Re1+ 39. Kd2 Rg1 40.
Ke3 Rc1 41. Nd3 Rc2 42. h4 b3 43. Kf3 Kf7 44. Ke3 Kf6 45. Kf3 h6 46. e5+ Kf7
47. Ke3 Ke7 48. Kf3 Kf7 49. Ke3 Ke7 50. Kf3 h5 51. Ke3 Kd7 52. Kf3 Ke7 53. Ke3
Kd8 54. Kf3 Rd2 55. Ke3 Rc2 56. Kf3 Rh2 57. Nf2 Kd7 58. Ke2 Rg2 59. Kf3 Rg1 60.
Nd3 Rf1+ 61. Ke2 Rg1 62. Kf2 Rb1 63. Ke2 Kd8 64. Ke3 Rg1 65. Kf2 Rh1 66. Ke3
Rg1 67. Kf2 Rd1 1/2-1/2

[Event "4NCL/Div4/GREN vs. PAND"]
[Site "Sunningdale ENG"]
[Date "2007.02.11"]
[Round "6.2"]
[White "Hammond, Andrew J C"]
[Black "Pugh, Derek C"]
[Result "1-0"]
[WhiteElo "2208"]
[BlackElo "2155"]
[PlyCount "77"]
[EventDate "2007.02.11"]
[EventType "team"]
[EventRounds "11"]
[EventCountry "ENG"]

1. d4 Nc6 2. Nf3 d5 3. c4 Bg4 4. Nc3 e6 5. Bf4 Bb4 6. e3 Nge7 7. Rc1 O-O 8. h3
Bh5 9. Be2 dxc4 10. Bxc4 Nd5 11. Bh2 Nxc3 12. bxc3 Bd6 13. O-O Bxh2+ 14. Kxh2
Qd6+ 15. Kg1 e5 16. Be2 Rad8 17. Nd2 Bg6 18. Bf3 Qd7 19. Nc4 e4 20. Be2 Kh8 21.
Qb3 b6 22. Rfd1 Qf5 23. Nd2 Ne7 24. Qa3 Qg5 25. g3 Nf5 26. Kg2 Rfe8 27. Qxa7
Nxe3+ 28. fxe3 Ra8 29. Qxc7 Qxe3 30. Bc4 b5 31. Bxb5 Reb8 32. a4 Rxb5 33. axb5
Qe2+ 34. Kh1 e3 35. Qc6 Rd8 36. Qf3 Qxb5 37. Qxe3 Re8 38. Qf3 Qg5 39. Re1 1-0

[Event "4NCL/Div4/GREN vs. PAND"]
[Site "Sunningdale ENG"]
[Date "2007.02.11"]
[Round "6.3"]
[White "Osborne, David C"]
[Black "Birtwhistle, Nigel"]
[Result "0-1"]
[WhiteElo "2135"]
[BlackElo "2105"]
[PlyCount "60"]
[EventDate "2007.02.11"]
[EventType "team"]
[EventRounds "11"]
[EventCountry "ENG"]

1. e4 g6 2. Nc3 Bg7 3. d4 d6 4. Be3 a6 5. a4 b6 6. Qd2 Bb7 7. f3 Nd7 8. Nh3 Rc8
9. Be2 h6 10. O-O e6 11. Rad1 Ne7 12. d5 e5 13. Bd3 Nc5 14. Bc4 f5 15. exf5
Nxf5 16. Bxc5 bxc5 17. g4 Nd4 18. Ne4 Qh4 19. c3 Qxh3 20. cxd4 O-O 21. Qg2
Qxg2+ 22. Kxg2 exd4 23. f4 Rce8 24. Rde1 Re7 25. f5 gxf5 26. gxf5 Ref7 27. Ng3
Be5 28. Re4 Bxg3 29. hxg3 Rxf5 30. Rxf5 Rxf5 0-1

[Event "4NCL/Div4/GREN vs. PAND"]
[Site "Sunningdale ENG"]
[Date "2007.02.11"]
[Round "6.4"]
[White "Coates, David"]
[Black "Bromilow, Edward"]
[Result "1/2-1/2"]
[WhiteElo "2055"]
[BlackElo "1965"]
[PlyCount "56"]
[EventDate "2007.02.11"]
[EventType "team"]
[EventRounds "11"]
[EventCountry "ENG"]

1. e4 c6 2. d4 d5 3. e5 c5 4. c3 Bf5 5. Nf3 e6 6. a3 Nc6 7. b4 c4 8. Be2 h6 9.
O-O Qd7 10. Ne1 Be7 11. f4 h5 12. Nf3 h4 13. a4 f6 14. Be3 fxe5 15. fxe5 O-O-O
16. Qd2 Rf8 17. Na3 Nh6 18. a5 Ng4 19. Bg5 Nd8 20. Bxe7 Qxe7 21. Nb5 Kb8 22.
Ng5 Nh6 23. Nd6 g6 24. Rf2 Nhf7 25. Ngxf7 Nxf7 26. Nxf7 Rxf7 27. Raf1 Rg7 28.
Bd1 Bd3 1/2-1/2

[Event "4NCL/Div4/GREN vs. PAND"]
[Site "Sunningdale ENG"]
[Date "2007.02.11"]
[Round "6.5"]
[White "Johnson, Richard J"]
[Black "Payne, Nick"]
[Result "1-0"]
[WhiteElo "2030"]
[BlackElo "2071"]
[PlyCount "75"]
[EventDate "2007.02.11"]
[EventType "team"]
[EventRounds "11"]
[EventCountry "ENG"]

1. e4 c5 2. Nf3 d6 3. d4 cxd4 4. Nxd4 Nf6 5. Nc3 g6 6. Be3 Bg7 7. f3 Nc6 8. Qd2
O-O 9. O-O-O Nxd4 10. Bxd4 Be6 11. Kb1 Qc7 12. g4 Rfc8 13. h4 Qa5 14. Qg5 Qxg5
15. hxg5 Nd7 16. Bxg7 Kxg7 17. Rh4 f6 18. gxf6+ Nxf6 19. Ne2 Bc4 20. Ng3 Bxf1
21. Rxf1 Rf8 22. g5 Nd7 23. f4 Nb6 24. Rfh1 Rh8 25. b3 d5 26. exd5 Nxd5 27. c4
Ne3 28. Re1 Ng2 29. Rxe7+ Kf8 30. Rhxh7 Rxh7 31. Rxh7 Kg8 32. Rxb7 Nxf4 33. Ne4
Nh5 34. Nf6+ Nxf6 35. gxf6 a5 36. Rg7+ Kf8 37. Rxg6 Kf7 38. Rh6 1-0

[Event "4NCL/Div4/GREN vs. PAND"]
[Site "Sunningdale ENG"]
[Date "2007.02.11"]
[Round "6.6"]
[White "McCarthy, Kevin"]
[Black "Hibbitt, Arthur M"]
[Result "1-0"]
[WhiteElo "2055"]
[BlackElo "1895"]
[PlyCount "97"]
[EventDate "2007.02.11"]
[EventType "team"]
[EventRounds "11"]
[EventCountry "ENG"]

1. d4 e6 2. Nf3 b6 3. Bf4 Bb7 4. Nbd2 f5 5. e3 Nf6 6. h3 Bd6 7. Bxd6 cxd6 8.
Bd3 O-O 9. Qe2 Nc6 10. c3 Rc8 11. g4 Ne7 12. gxf5 exf5 13. Rg1 Ne4 14. Ng5 Nxd2
15. Kxd2 h6 16. Nf3 Be4 17. Nh4 Bxd3 18. Kxd3 Qe8 19. Rg2 Kh7 20. Rag1 Rg8 21.
Qf3 Qf7 22. Ng6 Nxg6 23. Rxg6 d5 24. Rd6 Rcf8 25. Rxd5 Qe6 26. c4 Rf7 27. h4
Rgf8 28. Kc3 Qc6 29. Qg3 Qf6 30. Qf4 Re8 31. h5 Re4 32. Qf3 Qe6 33. Rg6 Rf6 34.
Rxf6 Qxf6 35. Rxf5 Qe6 36. Kd3 Rh4 37. Re5 Qh3 38. Qf7 Qf1+ 39. Kd2 Qb1 40.
Qf5+ Qxf5 41. Rxf5 Rh2 42. b4 Rh1 43. Kc2 g5 44. Rf7+ Kg8 45. Rxd7 Rxh5 46. c5
bxc5 47. bxc5 Rh2 48. c6 Rxf2+ 49. Kd3 1-0

[Event "4NCL/Div4/LMAO1 vs. SUTC"]
[Site "Sunningdale ENG"]
[Date "2007.02.11"]
[Round "6.1"]
[White "Poobalasingam, Peter"]
[Black "Addis, Mark"]
[Result "1-0"]
[WhiteElo "2089"]
[BlackElo "2060"]
[PlyCount "53"]
[EventDate "2007.02.11"]
[EventType "team"]
[EventRounds "11"]
[EventCountry "ENG"]

1. d4 Nf6 2. c4 g6 3. Nc3 Bg7 4. e4 d6 5. f4 O-O 6. Nf3 c5 7. d5 e6 8. Be2 exd5
9. exd5 Na6 10. O-O Nc7 11. a4 b6 12. Bd3 a6 13. f5 Bd7 14. Bg5 b5 15. axb5
axb5 16. cxb5 Rxa1 17. Qxa1 Qa8 18. fxg6 hxg6 19. Bc4 Rb8 20. Bf4 Nfe8 21. Qe1
Nxb5 22. Ng5 Bf6 23. Nce4 Bd4+ 24. Kh1 Bf5 25. Qh4 Bg7 26. Bxb5 Rxb5 27. Nxd6
1-0

[Event "4NCL/Div4/LMAO1 vs. SUTC"]
[Site "Sunningdale ENG"]
[Date "2007.02.11"]
[Round "6.2"]
[White "Escott, Keith"]
[Black "Kumar, Vedantha"]
[Result "1-0"]
[WhiteElo "2065"]
[BlackElo "1976"]
[Annotator "Armstrong,Malcolm"]
[PlyCount "78"]
[EventDate "2007.02.11"]
[EventType "team"]
[EventRounds "11"]
[EventCountry "ENG"]

1. e4 e5 2. Bc4 Nf6 3. d3 c6 4. Nf3 d5 5. Bb3 dxe4 6. Ng5 Bc5 7. Nxf7 Qb6 8.
O-O Bg4 9. Qe1 O-O 10. Nxe5+ Kh8 11. dxe4 Nbd7 12. Nxd7 Nxd7 13. Be3 Bxe3 14.
Qxe3 Qxe3 15. fxe3 Rxf1+ 16. Kxf1 Nc5 17. Nc3 Re8 18. h3 Bh5 19. g4 Bg6 20. Rd1
h5 21. gxh5 Bxh5 22. Rd4 Re5 23. Bc4 b5 24. Bd3 Ne6 25. Rd7 a5 26. a3 Ng5 27.
Kg2 Be8 28. Rd4 Ne6 29. Rd6 Nc5 30. b4 axb4 31. axb4 Na4 32. Ne2 Nb2 33. Nd4
Nd1 34. Nxc6 Rg5+ 35. Kf3 Bh5+ 36. Kf4 Rg1 37. Rd8+ Kh7 38. e5+ g6 39. Nd4 Kg7
{time} 1-0

[Event "4NCL/Div4/LMAO1 vs. SUTC"]
[Site "Sunningdale ENG"]
[Date "2007.02.11"]
[Round "6.3"]
[White "Schlesinger, Noah W"]
[Black "Soszynski, Marek"]
[Result "1-0"]
[WhiteElo "1935"]
[BlackElo "1900"]
[PlyCount "107"]
[EventDate "2007.02.11"]
[EventType "team"]
[EventRounds "11"]
[EventCountry "ENG"]

1. c4 e6 2. Nc3 d5 3. d4 c6 4. e3 Nf6 5. Bd3 dxc4 6. Bxc4 Nbd7 7. Nf3 b5 8. Bd3
a6 9. a4 Bb7 10. O-O Be7 11. Bd2 O-O 12. Qc2 Rc8 13. Qb1 b4 14. Ne4 c5 15. Rc1
c4 16. Nxf6+ Nxf6 17. Rxc4 Qd5 18. b3 Qh5 19. Qd1 Bd6 20. Ne5 Qh4 21. Rac1 Rxc4
22. Rxc4 Bd5 23. g3 Qh3 24. Bf1 Qf5 25. g4 Qg5 26. e4 Qh4 27. exd5 exd5 28. Rc2
Ne4 29. Bf4 f6 30. Nd3 f5 31. Bxd6 Nxd6 32. Bg2 Ne4 33. Bxe4 fxe4 34. Ne5 h5
35. Ng6 Qh3 36. Nxf8 Kxf8 37. Rc8+ Kf7 38. Rc7+ Kg8 39. gxh5 e3 40. Rc2 Qf5 41.
fxe3 Qh3 42. Qe2 Qf5 43. h6 Qg5+ 44. Kh1 Qf5 45. Qg2 g6 46. e4 dxe4 47. Rc6 Kh7
48. Qxg6+ Qxg6 49. Rxg6 Kxg6 50. h7 Kxh7 51. Kg2 Kg6 52. Kf2 a5 53. Ke3 Kf5 54.
h3 1-0

[Event "4NCL/Div4/LMAO1 vs. SUTC"]
[Site "Sunningdale ENG"]
[Date "2007.02.11"]
[Round "6.4"]
[White "Burgess, Thomas"]
[Black "Harrington, James"]
[Result "0-1"]
[WhiteElo "1835"]
[BlackElo "1905"]
[PlyCount "106"]
[EventDate "2007.02.11"]
[EventType "team"]
[EventRounds "11"]
[EventCountry "ENG"]

1. d4 d6 2. Nf3 Bg4 3. e3 Nd7 4. Be2 Ngf6 5. c4 c6 6. Nc3 Qc7 7. h3 Bf5 8. a4
a5 9. b3 e5 10. Ba3 Be7 11. dxe5 dxe5 12. Bxe7 Kxe7 13. Qc1 Nc5 14. O-O Rhd8
15. Qa3 b6 16. b4 axb4 17. Qxb4 Nfd7 18. e4 Bg6 19. Nh4 f6 20. Bg4 Kf7 21. Nxg6
hxg6 22. Bxd7 Nxd7 23. Rfd1 Nf8 24. c5 bxc5 25. Qxc5 Ne6 26. Rxd8 Nxc5 27. Rxa8
Qb7 28. Ra5 Qb2 29. Rxc5 Qxa1+ 30. Kh2 Ke7 31. Rxc6 Kd7 32. Rc4 Qf1 33. Nd5
Qxf2 34. Rc7+ Kd6 35. Rxg7 Qh4 36. a5 Qxe4 37. Nb6 Qf4+ 38. Kh1 e4 39. a6 Qf1+
40. Kh2 Qxa6 41. Rxg6 Qa1 42. Nc4+ Ke6 43. Ne3 Kf7 44. Rg4 Qe5+ 45. Kh1 Ke6 46.
Rg8 Qf4 47. Ng4 f5 48. Rg6+ Kf7 49. Rf6+ Kg7 50. Ne3 Qxe3 51. Rxf5 Qc1+ 52. Kh2
e3 53. Re5 Qc7 0-1

[Event "4NCL/Div4/LMAO1 vs. SUTC"]
[Site "Sunningdale ENG"]
[Date "2007.02.11"]
[Round "6.5"]
[White "Hall, Toby J"]
[Black "Lawrence, Roy"]
[Result "0-1"]
[WhiteElo "1765"]
[BlackElo "1820"]
[PlyCount "90"]
[EventDate "2007.02.11"]
[EventType "team"]
[EventRounds "11"]
[EventCountry "ENG"]

1. d4 Nf6 2. c4 g6 3. Nc3 Bg7 4. Nf3 d6 5. e4 O-O 6. Be2 c5 7. d5 Na6 8. Bd2 e6
9. Qc1 exd5 10. cxd5 Nc7 11. Bg5 a6 12. h4 h5 13. a4 Bg4 14. Nh2 Bxe2 15. Nxe2
Qd7 16. f3 b5 17. Qf4 Nh7 18. axb5 axb5 19. Rb1 Ra2 20. Nc3 Rxb2 21. Rxb2 Bxc3+
22. Rd2 Re8 23. O-O Bxd2 24. Qxd2 Nxg5 25. Qxg5 Qe7 26. Qf4 Qe5 27. Qe3 Nxd5
28. Qd3 Nc7 29. Rd1 Rd8 30. Nf1 c4 31. Qa3 Ne6 32. Rd5 Qf6 33. Rxd6 Rxd6 34.
Qxd6 Qd4+ 35. Qxd4 Nxd4 36. Kf2 c3 37. Ke3 c2 38. Kd2 b4 39. Kc1 b3 40. Ng3 f6
41. f4 Kf7 42. Kb2 Ke6 43. Kc1 Kd6 44. Kb2 Kc5 45. Kc1 Kc4 0-1

[Event "4NCL/Div4/WEA1 vs. PONTY"]
[Site "Sunningdale ENG"]
[Date "2007.02.11"]
[Round "6.1"]
[White "Fraser, Joe P"]
[Black "James, Dai"]
[Result "1/2-1/2"]
[WhiteElo "1972"]
[BlackElo "1994"]
[PlyCount "49"]
[EventDate "2007.02.11"]
[EventType "team"]
[EventRounds "11"]
[EventCountry "ENG"]

1. e4 e6 2. d4 d5 3. Nc3 Nf6 4. Bg5 dxe4 5. Nxe4 Nbd7 6. Nf3 Be7 7. Nxf6+ Bxf6
8. Bxf6 Nxf6 9. Bd3 O-O 10. O-O b6 11. Qe2 Bb7 12. c3 Rc8 13. Rad1 Bxf3 14.
Qxf3 Qd5 15. Qxd5 exd5 16. f3 c6 17. Rfe1 Rfe8 18. Kf2 Kf8 19. g4 h6 20. Rxe8+
Rxe8 21. Re1 Rxe1 22. Kxe1 Ke7 23. Ke2 g5 24. Ke3 Ne8 25. f4 1/2-1/2

[Event "4NCL/Div4/WEA1 vs. PONTY"]
[Site "Sunningdale ENG"]
[Date "2007.02.11"]
[Round "6.2"]
[White "Davies, Peter L"]
[Black "Prescott, Adam P"]
[Result "0-1"]
[WhiteElo "2000"]
[BlackElo "1934"]
[PlyCount "80"]
[EventDate "2007.02.11"]
[EventType "team"]
[EventRounds "11"]
[EventCountry "ENG"]

1. c4 g6 2. Nc3 Bg7 3. g3 d6 4. Bg2 e5 5. e4 Nc6 6. Nge2 Be6 7. d3 Qd7 8. Nd5
Nce7 9. Bd2 c6 10. Nxe7 Nxe7 11. h4 h6 12. Qc2 f5 13. f3 Rc8 14. Rd1 d5 15. b3
d4 16. Rb1 fxe4 17. fxe4 O-O 18. Ng1 Bg4 19. Bc1 Rf7 20. Ba3 Rcf8 21. Rb2 h5
22. Qd2 Kh7 23. Nh3 Bh6 24. Ng5+ Bxg5 25. hxg5 b6 26. b4 Qe8 27. Rb3 Bf3 28.
O-O Bxg2 29. Rxf7+ Qxf7 30. Qxg2 Qe6 31. Rb2 Qg4 32. Rf2 Rxf2 33. Qxf2 Qxg5 34.
Qf7+ Kh8 35. Qf8+ Ng8 36. Kh2 Qd2+ 37. Kh3 Qd1 38. Kg2 Qc2+ 39. Kh3 Qb1 40. Kh4
Qxd3 0-1

[Event "4NCL/Div4/WEA1 vs. PONTY"]
[Site "Sunningdale ENG"]
[Date "2007.02.11"]
[Round "6.3"]
[White "Tucker, Andrew L"]
[Black "Robinson, David"]
[Result "1-0"]
[WhiteElo "1956"]
[BlackElo "1994"]
[PlyCount "63"]
[EventDate "2007.02.11"]
[EventType "team"]
[EventRounds "11"]
[EventCountry "ENG"]

1. e4 d5 2. exd5 Nf6 3. d4 Bg4 4. Nf3 Qxd5 5. Be2 e6 6. O-O c6 7. Nc3 Qa5 8.
Ne5 Bxe2 9. Qxe2 Be7 10. Re1 O-O 11. Nc4 Qd8 12. Be3 Nbd7 13. Rad1 Bb4 14. Qd3
Qc7 15. a3 Be7 16. Bg5 Rfe8 17. Bh4 Qf4 18. Bg3 Qg5 19. Ne4 Nxe4 20. Qxe4 Nf6
21. Qf3 Qd5 22. Ne5 Rad8 23. c4 Qxf3 24. Nxf3 c5 25. dxc5 Bxc5 26. b4 Be7 27.
Nd4 Rc8 28. c5 Nd5 29. Nb5 a6 30. Nd6 Bxd6 31. Bxd6 Rc6 32. Rxd5 1-0

[Event "4NCL/Div4/WEA1 vs. PONTY"]
[Site "Sunningdale ENG"]
[Date "2007.02.11"]
[Round "6.4"]
[White "St Clair, Allan"]
[Black "Grant, David"]
[Result "1/2-1/2"]
[WhiteElo "1826"]
[BlackElo "1920"]
[PlyCount "63"]
[EventDate "2007.02.11"]
[EventType "team"]
[EventRounds "11"]
[EventCountry "ENG"]

1. d4 Nf6 2. Bf4 g6 3. Nf3 Bg7 4. c3 O-O 5. e3 b6 6. Bd3 Bb7 7. Nbd2 d5 8. Qc2
c5 9. Ne5 Nc6 10. Bb5 Nxe5 11. Bxe5 a6 12. Be2 Nd7 13. Bxg7 Kxg7 14. f4 f6 15.
Nf3 Re8 16. O-O e5 17. Rae1 e4 18. Nh4 cxd4 19. exd4 b5 20. g3 Rc8 21. a3 Qb6
22. Qd2 Rc7 23. Ng2 Rec8 24. Ne3 Qc6 25. Bd1 a5 26. Bb3 Nb6 27. Nc2 Nc4 28.
Bxc4 bxc4 29. Ne3 Rb8 30. Rf2 Bc8 31. Ree2 Rcb7 32. Qc1 1/2-1/2

[Event "4NCL/Div4/WEA1 vs. PONTY"]
[Site "Sunningdale ENG"]
[Date "2007.02.11"]
[Round "6.5"]
[White "Bucher, Grant W"]
[Black "Davis, Ashley"]
[Result "1-0"]
[WhiteElo "1855"]
[BlackElo "1535"]
[PlyCount "47"]
[EventDate "2007.02.11"]
[EventType "team"]
[EventRounds "11"]
[EventCountry "ENG"]

1. e4 c5 2. Nf3 Nc6 3. d4 cxd4 4. Nxd4 e6 5. Nc3 a6 6. Be3 Nge7 7. Qd2 d6 8.
O-O-O Bd7 9. f4 Nc8 10. Be2 Be7 11. g4 Nb6 12. f5 e5 13. Nb3 Qc7 14. Bxb6 Qxb6
15. Nd5 Qd8 16. Nxe7 Qxe7 17. Qxd6 Qxd6 18. Rxd6 f6 19. Nc5 O-O-O 20. c3 Rhf8
21. Rhd1 Nb8 22. Bc4 Rfe8 23. Nxd7 Rxd7 24. Be6 1-0

[Event "4NCL/Div4/WEA1 vs. PONTY"]
[Site "Sunningdale ENG"]
[Date "2007.02.11"]
[Round "6.6"]
[White "Thomas, Kevin"]
[Black "Salimbeni, George"]
[Result "1-0"]
[WhiteElo "1980"]
[BlackElo "1890"]
[PlyCount "93"]
[EventDate "2007.02.11"]
[EventType "team"]
[EventRounds "11"]
[EventCountry "ENG"]

1. e4 e5 2. Bc4 Nf6 3. d3 Nc6 4. Nf3 Bc5 5. Nc3 d6 6. Be3 Bb6 7. Bb3 Be6 8. Qd2
Qd7 9. O-O-O Bxb3 10. axb3 Ba5 11. Qe2 O-O-O 12. Bg5 h6 13. Bxf6 gxf6 14. Nd5
Qe6 15. c3 Rhg8 16. g3 f5 17. Nh4 fxe4 18. dxe4 Ne7 19. Nxe7+ Qxe7 20. Nf5 Qe6
21. Qc4 Qxc4 22. bxc4 Rh8 23. Kc2 Bb6 24. Rhf1 Kd7 25. f4 exf4 26. Rxf4 Rde8
27. b4 Kc8 28. Rdf1 Re6 29. Kd3 Rg8 30. R1f3 c6 31. Nd4 Bxd4 32. cxd4 Rge8 33.
d5 cxd5 34. exd5 Re2 35. Rxf7 Rxh2 36. Rh7 Rhe2 37. Rxh6 Kd7 38. g4 R2e5 39.
Rf4 a6 40. Rf7+ R8e7 41. Rxe7+ Rxe7 42. g5 Rg7 43. g6 Ke7 44. Rh7 Kf6 45. Rxg7
Kxg7 46. c5 Kxg6 47. c6 1-0

[Event "4NCL/Div4/LEICS vs. ATH1"]
[Site "Sunningdale ENG"]
[Date "2007.02.11"]
[Round "6.1"]
[White "Byron, Alan M"]
[Black "Pedersen, Carsten"]
[Result "1/2-1/2"]
[WhiteElo "2267"]
[BlackElo "2124"]
[PlyCount "124"]
[EventDate "2007.02.11"]
[EventType "team"]
[EventRounds "11"]
[EventCountry "ENG"]

1. d4 Nf6 2. Nf3 e6 3. c3 c5 4. Bg5 h6 5. Bxf6 Qxf6 6. e4 cxd4 7. cxd4 d5 8.
Bb5+ Bd7 9. Bxd7+ Nxd7 10. exd5 Bb4+ 11. Nc3 exd5 12. O-O Bxc3 13. bxc3 O-O 14.
Qb3 Qc6 15. Rab1 b6 16. Rfc1 Rac8 17. Ne1 Rc7 18. Nd3 Qc4 19. Qxc4 Rxc4 20. Nb2
Rc7 21. Nd1 Rfc8 22. Rb3 Rc4 23. Ra1 Kf8 24. a4 R4c6 25. Kf1 a6 26. Ra2 g6 27.
Ke2 Ke7 28. Kd3 Kd6 29. Ne3 f5 30. Nc2 a5 31. Na3 Rb8 32. Re2 Nf6 33. Rb1 Re8
34. Nb5+ Kd7 35. Rxe8 Nxe8 36. f3 Nd6 37. Na3 Kc7 38. Re1 Nc4 39. Nb5+ Kd7 40.
Re2 Re6 41. Rxe6 Kxe6 42. Nc7+ Kd6 43. Ne8+ Kd7 44. Nf6+ Ke6 45. Ne8 Kd7 46.
Nf6+ Kc6 47. Ng8 Kd6 48. Nxh6 Ke6 49. g4 Nb2+ 50. Kc2 Nxa4 51. h4 b5 52. h5
fxg4 53. hxg6 Kf6 54. Nxg4+ Kxg6 55. Ne5+ Kf5 56. Nc6 b4 57. cxb4 axb4 58. Nxb4
Kf4 59. Nxd5+ Kxf3 60. Kd3 Nb2+ 61. Kc3 Na4+ 62. Kc4 Nb2+ 1/2-1/2

[Event "4NCL/Div4/LEICS vs. ATH1"]
[Site "Sunningdale ENG"]
[Date "2007.02.11"]
[Round "6.2"]
[White "McKeown, Paul"]
[Black "Mansson, James C"]
[Result "0-1"]
[WhiteElo "2087"]
[BlackElo "2120"]
[PlyCount "43"]
[EventDate "2007.02.11"]
[EventType "team"]
[EventRounds "11"]
[EventCountry "ENG"]

1. d4 d5 2. Nf3 Nf6 3. c4 c6 4. Nc3 e6 5. Bg5 h6 6. Bh4 dxc4 7. e4 g5 8. Bg3 b5
9. Be2 Bb7 10. h4 g4 11. Ne5 h5 12. O-O Nbd7 13. Qc2 Nxe5 14. dxe5 Nd7 15. a4
a6 16. f4 Bc5+ 17. Kh1 Be7 18. f5 Bxh4 19. Bf4 Bg5 20. Qd2 Bxf4 21. Qxf4 Qh4+
22. Kg1 0-1